José Alfonso / (Record no. 108902)

MARC details
000 -LEADER
campo de control de longitud fija 00458nam a2200157 4500
001 - NÚMERO DE CONTROL
campo de control 108902
003 - IDENTIFICADOR DE NÚMERO DE CONTROL
campo de control ES-MaACL
007 - CAMPO FIJO DE DESCRIPCIÓN FÍSICA--INFORMACIÓN GENERAL
campo de control de longitud fija t|
008 - DATOS DE LONGITUD FIJA--INFORMACIÓN GENERAL
campo de control de longitud fija 061121s1975 sp r ||||1| spa d
100 1# - ENTRADA PRINCIPAL--NOMBRE DE PERSONA
Nombre de persona Moutinho, Viale.
9 (RLIN) 83928
245 10 - MENCIÓN DEL TÍTULO
Título José Alfonso /
Mención de responsabilidad, etc. Viale Moutinho; traducción de Ezequiel Mendez.
260 ## - PUBLICACIÓN, DISTRIBUCIÓN, ETC.
Lugar de publicación, distribución, etc. Madrid :
Nombre del editor, distribuidor, etc. Júcar,
Fecha de publicación, distribución, etc. 1975.
300 ## - DESCRIPCIÓN FÍSICA
Extensión 221 p., 8 lám. ;
Dimensiones 18 cm.
700 1# - ENTRADA AGREGADA--NOMBRE PERSONAL
Nombre de persona Méndez, Ezequiel.
9 (RLIN) 80117
852 ## - LOCALIZACIÓN
Ubicación ES-MaACL
Número de control de estantería E-8512
Sublocalización o colección R.92774
Holdings
Estatus retirado Estado de pérdida Estado de daño No para préstamo Biblioteca de origen Biblioteca actual Ubicación en estantería Fecha de adquisición Fuente de adquisición Total de préstamos Signatura topográfica completa Código de barras Visto por última vez Precio de reemplazo Tipo de ítem Koha
        Biblioteca del Ateneo de Madrid Biblioteca del Ateneo de Madrid Depósito 2 17/01/2008     E-8512 1113634 23/02/2023 23/02/2023 Libro impreso